Historia de la India
Saved in:
| Main Authors: | , |
|---|---|
| Format: | Bog |
| Sprog: | spansk |
| Udgivet: |
Ciudad de México
Fondo de Cultura Económica
1969
|
| Serier: | Brevarios del Fondo de Cultura Económica, 206, 207
|
| Fag: | |
| Tags: |
Tilføj Tag
Ingen Tags, Vær først til at tagge denne postø!
|
MARC
| LEADER | 00000nam a2200000 a 4500 | ||
|---|---|---|---|
| 001 | UCO2272 | ||
| 003 | CL-VaPUC | ||
| 008 | 000602e19690000MX |||||||||||||||||spa|d | ||
| 082 | 0 | 4 | |a 954 |b THA |2 21 |
| 100 | 0 | |a Thapar, Romila |e author |9 445278 | |
| 700 | 0 | |a Spear, Percival |e author |9 445279 | |
| 245 | 1 | 0 | |a Historia de la India |
| 300 | |a 2 v | ||
| 942 | |c BK | ||
| 945 | |d 20000602 00:00:00 |a rherrera | ||
| 260 | |a Ciudad de México |b Fondo de Cultura Económica |c 1969 | ||
| 600 | 0 | 7 | |a AKBAR |2 CL-VaPUC |9 445280 |
| 600 | 0 | 7 | |a GANDHI, MAHATMA |2 CL-VaPUC |9 319053 |
| 650 | 7 | |a HISTORIA DE LA INDIA |2 CL-VaPUC |9 438922 | |
| 650 | 7 | |a REPUBLICAS |2 CL-VaPUC |9 401398 | |
| 650 | 7 | |a REINOS INDIOS |2 CL-VaPUC |9 445281 | |
| 650 | 7 | |a FEUDALISMO EN LA INDIA |2 CL-VaPUC |9 445282 | |
| 650 | 7 | |a BUDISMO |2 CL-VaPUC |9 445283 | |
| 650 | 7 | |a IMPERIO MONGOL |2 CL-VaPUC |9 314068 | |
| 650 | 7 | |a COLONIAS INGLESAS |2 CL-VaPUC |9 433674 | |
| 651 | 0 | |a India |9 267804 | |
| 651 | 0 | |a Inglaterra |9 255158 | |
| 583 | |a last modification |c 20000602 00:00:00 |k Rodrigo Vera | ||
| 490 | 0 | |a Brevarios del Fondo de Cultura Económica, 206, 207 | |
| 999 | |c 288808 |d 288806 | ||
| 952 | |0 0 |1 0 |4 0 |6 954_000000000000000_THA_1969 |7 0 |8 A |9 336735 |a BIBHIS |b BIBHIS |d 2019-11-20 |h v.1 |i 1284347 |o 954 THA 1969 |p 1284347 |r 2025-01-20 |w 2019-11-20 |y BK |k HIS | ||
| 952 | |0 0 |1 0 |4 0 |6 954_000000000000000_THA_1969 |7 0 |8 A |9 336736 |a BIBHIS |b BIBHIS |d 2019-11-20 |h v.2 |i 1284355 |o 954 THA 1969 |p 1284355 |r 2025-01-20 |w 2019-11-20 |y BK |k HIS | ||